Central Library, Doon University
WEBOPAC (ONLINE PUBLIC ACCESS CATALOGUE)

Advanced Organic Chemistry (Record no. 60775)

MARC details
000 -LEADER
fixed length control field 00544nam a22002057a 4500
005 - DATE & TIME
control field 20260513115407.0
008 - FIXED-LENGTH DATA ELEMENTS--GENERAL INFORMATION
fixed length control field 260513b |||||||| |||| 00| 0 eng d
020 ## - ISBN
International Standard Book Number 9780387683461
Price 9897.10
040 ## - CATALOGING SOURCE
Original cataloging agency Doon University
041 ## - Language
Language English
082 ## - DDC NUMBER
Classification number 547
Book Number CAR
100 ## - MAIN ENTRY--PERSONAL NAME
Personal name Carey, Francis A.
245 ## - TITLE STATEMENT
Title Advanced Organic Chemistry
Sub Title : Part A Structure and Mechanisms
250 ## - EDITION STATEMENT
Edition statement 5th
260 ## - PUBLICATION, DISTRIBUTION, ETC. (IMPRINT)
Place of publication, distribution, etc New York
Name of publisher, distributor, etc Springer
Date of publication, distribution, etc 2007
300 ## - PHYSICAL DESCRIPTION
Pages 1199
650 ## - Subject
Subject Chemistry (PM USHA)
700 ## - Added Entry Personal Name
Added Entry Personal Name Sundberg, Richard J.
942 ## - ADDED ENTRY ELEMENTS (KOHA)
Koha item type Books
650 ## - Subject
-- 26803
952 ## - LOCATION AND ITEM INFORMATION (KOHA)
-- 2026-05-13
952 ## - LOCATION AND ITEM INFORMATION (KOHA)
-- 2026-05-13
Holdings
Withdrawn status Lost status Source of classification or shelving scheme Damaged status Not for loan Location (home branch) Sublocation or collection (holding branch) Date acquired Koha full call number Accession No. Koha date last seen Koha item type Koha issues (times borrowed)
        Not For Loan Doon University Doon University 13.05.2026 547 CAR 33095 13.05.2026 Reference  
          Doon University Doon University 13.05.2026 547 CAR 33096 13.05.2026 Books  
Contact : +91-135-2533126 (Library),+91-135-2533105 (Admin Office) , Email : doonlibrary@gmail.com

Powered by Koha